000 01164cad a22002175a 4500
001 L158037
008 140131s2014 xxk f 000 0 eng d
035 _a(Sirsi) u158037
041 0 _aeng
110 2 _aUnited Kingdom
_bDepartment for Communities and Local Government
_94939
110 2 _aUnited Kingdom
_bHM Treasury
245 0 0 _aRole local authorities can play in supporting housing supply
_bTerms of reference
260 _aLondon
_bDCLG
_c2014
520 _aIndependent and wide ranging review launched into how more social homes can be built. The review will assess if councils are making sufficient use of their existing powers and flexibilities to deliver new social housing. The review will also consider how councils can work more closely with housing associations, housebuilders and businesses to build more new homes.
590 _aKA
651 4 _aUnited Kingdom
690 _aResidential property
_96266
690 _aPlanning and development
_96259
856 4 0 _uhttps://www.gov.uk/government/uploads/system/uploads/attachment_data/file/276234/140127_Revised_Terms_of_reference.pdf
_zView the item free of charge at www.gov.uk
942 _n0
999 _c115093
_d115093